<?xml version="1.0" encoding="UTF-8"?>
<record
    xmlns:xsi="http://www.w3.org/2001/XMLSchema-instance"
    xsi:schemaLocation="http://www.loc.gov/MARC21/slim http://www.loc.gov/standards/marcxml/schema/MARC21slim.xsd"
    xmlns="http://www.loc.gov/MARC21/slim">

  <leader>00480nam a2200145 a 4500</leader>
  <controlfield tag="001">5061</controlfield>
  <controlfield tag="003">CDMR</controlfield>
  <controlfield tag="005">20130315131714.0</controlfield>
  <controlfield tag="008">130130s1991||||||||||||||||||||||||||||d</controlfield>
  <datafield tag="040" ind1=" " ind2=" ">
    <subfield code="a">CDMR</subfield>
    <subfield code="b">cat</subfield>
    <subfield code="c">CPC GIRONA</subfield>
  </datafield>
  <datafield tag="245" ind1=" " ind2="3">
    <subfield code="a">La premsa en catal&#xE0;</subfield>
    <subfield code="b">: canvi de cicle ; &#x201C;L'Hora&#x201D; de Val&#xE8;ncia ; La llibertat d'informaci&#xF3; al m&#xF3;n</subfield>
  </datafield>
  <datafield tag="260" ind1=" " ind2=" ">
    <subfield code="c">1991</subfield>
    <subfield code="b">Col&#xB7;legi de Periodistes de Catalunya</subfield>
  </datafield>
  <datafield tag="490" ind1="0" ind2=" ">
    <subfield code="a">Annals del Periodisme Catal&#xE0;</subfield>
    <subfield code="v">18 (gener-juny 1991)</subfield>
  </datafield>
  <datafield tag="942" ind1=" " ind2=" ">
    <subfield code="c">MON</subfield>
    <subfield code="2">udc</subfield>
  </datafield>
  <datafield tag="999" ind1=" " ind2=" ">
    <subfield code="c">5061</subfield>
    <subfield code="d">5061</subfield>
  </datafield>
  <datafield tag="952" ind1=" " ind2=" ">
    <subfield code="0">0</subfield>
    <subfield code="1">0</subfield>
    <subfield code="4">0</subfield>
    <subfield code="7">0</subfield>
    <subfield code="a">LLEIDA</subfield>
    <subfield code="b">LLEIDA</subfield>
    <subfield code="d">2015-02-09</subfield>
    <subfield code="e">Donaci&#xF3;</subfield>
    <subfield code="l">0</subfield>
    <subfield code="o">783 APB</subfield>
    <subfield code="p">LLEIDA1502612545</subfield>
    <subfield code="r">2015-02-09</subfield>
    <subfield code="w">2015-02-09</subfield>
    <subfield code="y">MON</subfield>
  </datafield>
</record>
